| 000 | 00368nam a2200133Ia 4500 | ||
|---|---|---|---|
| 008 | 240624s9999 xx 000 0 und d | ||
| 041 | _aeng | ||
| 082 | _a364.1 BHA | ||
| 100 | _aBHANDARI BHUPESH | ||
| 245 | _aSPECTRUM GRAB INSIDE STORY OF THE 2G SCA | ||
| 260 |
_c2012 _aNew Delhi _bBusiness Standard Limited |
||
| 300 | _aix, : 262 : p. : cm. ; 21 | ||
| 365 |
_cRS _b35 |
||
| 999 |
_c21460 _d21460 |
||